00545nam a2200193 a 4500001001300000003000900013005001700022008004100039020001000080082001800090100002300108245002900131260005300160300000900213500003500222505003700257650003400294700002300328nice12345678IN_TiNIC20260116012400.0050524s1978 orea grp 000 0 eng  ac10000a225.5208bLED aLedyard, Gleason H aNew Life Study Testament aOregonbChristian Literature Internationalc1978 a533p aincludes index and biblioraphy2 aGlossary, Bibliography and index aBible N.T. Study and Teaching1 aLedyard, Gleason H